<?xml version="1.0" encoding="UTF-8"?>
<record
    xmlns:xsi="http://www.w3.org/2001/XMLSchema-instance"
    xsi:schemaLocation="http://www.loc.gov/MARC21/slim http://www.loc.gov/standards/marcxml/schema/MARC21slim.xsd"
    xmlns="http://www.loc.gov/MARC21/slim">

  <leader>04456    a2200241   4500</leader>
  <controlfield tag="001">33910</controlfield>
  <controlfield tag="005">20260407155629.0</controlfield>
  <controlfield tag="008">260407a2013    arg                 spa d</controlfield>
  <controlfield tag="003">AR-UNSa-BCEJYS</controlfield>
  <datafield tag="040" ind1=" " ind2=" ">
    <subfield code="a">AR-UNSa-BCEJYS</subfield>
    <subfield code="b">spa</subfield>
    <subfield code="c">AR-UNSa-BCEJYS</subfield>
  </datafield>
  <datafield tag="080" ind1=" " ind2=" ">
    <subfield code="a">351.71</subfield>
    <subfield code="x">Bienes p&#xFA;blicos. Obras p&#xFA;blicas. Impuestos (Contrataci&#xF3;n p&#xFA;blica)</subfield>
  </datafield>
  <datafield tag="245" ind1="1" ind2="0">
    <subfield code="a">Derechos, garant&#xED;as y potestades en los contratos p&#xFA;blicos</subfield>
    <subfield code="p">16 a&#xF1;os despu&#xE9;s</subfield>
  </datafield>
  <datafield tag="020" ind1=" " ind2=" ">
    <subfield code="a">978-987-694-011-5</subfield>
  </datafield>
  <datafield tag="264" ind1=" " ind2="1">
    <subfield code="a">Buenos Aires :</subfield>
    <subfield code="b">Ediciones Rap</subfield>
    <subfield code="c">2013</subfield>
  </datafield>
  <datafield tag="300" ind1=" " ind2=" ">
    <subfield code="a">539 p.</subfield>
    <subfield code="c">24 cm.</subfield>
  </datafield>
  <datafield tag="505" ind1=" " ind2=" ">
    <subfield code="a">1. El Estado y la legalidad convencional / Oscar A. Cuadros - 2. El ius variandi y sus l&#xED;mites / Miriam M. Ivanega - 3. La Ley de Defensa del Consumidor y su incidencia en los contratos p&#xFA;blicos / Leonardo Massimino - 4. Algunos de los comentarios acerca del r&#xE9;gimen jur&#xED;dico de protecci&#xF3;n de los usuarios de servicios p&#xFA;blicos / Pablo E. Perrino - 5. Modalidades de contrataci&#xF3;n (Seg&#xFA;n el Reglamento del R&#xE9;gimen de Contrataciones de la Administraci&#xF3;n Nacional, aprobado por el Decreto N&#xB0; 893/2012 / Ismael Mata - 6. Rescisi&#xF3;n del contrato de obra p&#xFA;blica. Consecuencias / Alfredo S. Gusman - 7. La crisis de la licitaci&#xF3;n p&#xFA;blica. Sobre la forma de los contratos administrativos y cuestiones subyacentes / Isaac A. Damsky - 8. La concesi&#xF3;n de explotaci&#xF3;n de hidrocarburos como contrato administrativo / Marcelo A. Jones - 9. El silencio de la Administraci&#xF3;n frente a las ofertas apartadas del pliego / M. Claudia Caputi - 10. El empr&#xE9;stito p&#xFA;blico como contrato administrativo / Alberto M. S&#xE1;nchez - 11. Penalidades y sanciones en el nuevo reglamento de contrataciones / Fernando Garc&#xED;a Pull&#xE9;s - 12. El enriquecimiento sin causa en la contrataci&#xF3;n p&#xFA;blica / Pedro J. J. Coviello - 13. &#xBF;Contratos p&#xFA;blicos de las sociedades del Estado? / Gabriela A. Stortoni - 14. La situaci&#xF3;n jur&#xED;dica subjetiva de los oferentes, autoexcluidos y terceros en los procedimientos de selecci&#xF3;n contractual y durante la ejecuci&#xF3;n y extinci&#xF3;n de los contratos / Julio P. Comadira - 15. Los contratos administrativos frente al r&#xE9;gimen constitucional de la moneda / Estela B. Sacrist&#xE1;n - 16. Avances, retrocesos y algunas ambig&#xFC;edades en la nueva reglamentaci&#xF3;n del R&#xE9;gimen de Contrataciones de la Administraci&#xF3;n Nacional / Mario Rejtman Farah - 17. Hecho del Pr&#xED;ncipe y Teor&#xED;a de la Imprevisi&#xF3;n / Blanca A. Herrera de Villavicencio - 18. Los contratos de la Administraci&#xF3;n p&#xFA;blica en la jurisprudencia de la CSJN / Laura Monti - 19. El pacta sunt servanda y los contratos p&#xFA;blicos / Pablo O. Gallegos Fedriani - 20. Las medidas cautelares en los contratos administrativos / Fabi&#xE1;n O. Canda - 21. La renovaci&#xF3;n por inter&#xE9;s p&#xFA;blico de los contratos administrativos / Mar&#xED;a Susana Villarruel - 22. Mitos uy verdades sobre el principio de razonabilidad / Mar&#xED;a Agustina Fanelli Evans - 23. La revocaci&#xF3;n por ilegitimidad en los contratos administrativos / Alfonso Buteler - 24. El Pliego &#xDA;nico de Bases y Condiciones Generales para los contratos regulados por el Reglamento de Contrataciones de la Administraci&#xF3;n Nacional (aprobado por Decreto N&#xB0; 893/2012). Su aptitud como herramienta de armonizaci&#xF3;n de la reglamentaci&#xF3;n con el marco legal / Mar&#xED;a Jos&#xE9; Rodr&#xED;guez - 25. Contratos Interadministrativos. En la Uni&#xF3;n Europea y en la Argentina / Ricardo A. Mu&#xF1;oz (h) - 26. Contratos administrativos de los entes p&#xFA;blicos no estatales / Jos&#xE9; R. Sappa - 27. Los Acuerdos Marco del Decreto N&#xB0; 893/2012 / Jorge I. Muratorio - 28. Los contratos p&#xFA;blicos como regla de derecho en el neoconstitucionalismo / Alejandro P&#xE9;rez Hualde - 29. Contratos municipales / Carlos A. Botassi - 30. La jurisprudencia de C&#xF3;rdoba y los contratos administrativos / Domingo J. Sesin - 31. Cuestiones ambientales en las contrataciones p&#xFA;blicas. Antes, durante y despu&#xE9;s / Homero. M. Bibiloni - 32. La obra p&#xFA;blica en la concesi&#xF3;n de servicios p&#xFA;blicos / Armando N. Canosa - 33. Arbitraje y contratos p&#xFA;blicos e el derecho argentino. Breves notas sobre una larga tradici&#xF3;n / Eduardo Mertehikian.</subfield>
  </datafield>
  <datafield tag="041" ind1=" " ind2=" ">
    <subfield code="a">spa</subfield>
  </datafield>
  <datafield tag="942" ind1=" " ind2=" ">
    <subfield code="c">BK</subfield>
  </datafield>
  <datafield tag="590" ind1=" " ind2=" ">
    <subfield code="a">niveau_biblio:m niveau_hierar:0</subfield>
  </datafield>
  <datafield tag="100" ind1="1" ind2=" ">
    <subfield code="a">Universidad Austral. Facultad de Derecho</subfield>
  </datafield>
  <datafield tag="700" ind1="1" ind2=" ">
    <subfield code="a">Jornadas sobre Derechos, garant&#xED;as y potestades en los contratos p&#xFA;blicos (2013 mayo 15-17 : Buenos Aires)</subfield>
  </datafield>
  <datafield tag="856" ind1="4" ind2="1">
    <subfield code="u">https://biblioeco.unsa.edu.ar/pmb/images/libros/derechos_garantias.jpg</subfield>
    <subfield code="y">Imagen de portada</subfield>
    <subfield code="q">image/jpeg</subfield>
  </datafield>
  <datafield tag="999" ind1=" " ind2=" ">
    <subfield code="c">2404</subfield>
    <subfield code="d">2404</subfield>
  </datafield>
  <datafield tag="952" ind1=" " ind2=" ">
    <subfield code="0">0</subfield>
    <subfield code="1">0</subfield>
    <subfield code="4">0</subfield>
    <subfield code="7">0</subfield>
    <subfield code="a">BCEJYS</subfield>
    <subfield code="b">BCEJYS</subfield>
    <subfield code="c">16</subfield>
    <subfield code="d">2026-04-07</subfield>
    <subfield code="l">0</subfield>
    <subfield code="o">351.71 J82</subfield>
    <subfield code="p">L125393</subfield>
    <subfield code="r">2026-04-07 15:56:29</subfield>
    <subfield code="w">2026-04-07</subfield>
    <subfield code="y">L</subfield>
  </datafield>
</record>
